|
|
|
|
| LEADER |
00000nam a22000007a 4500 |
| 005 |
20211125201552.0 |
| 007 |
cr|||| |||| |
| 008 |
211125c20029999za qr|w s|||| 0|||b1eng d |
| 022 |
|
|
|a 1991-3877
|
| 035 |
|
|
|a 33745
|
| 040 |
|
|
|a vLex
|
| 090 |
|
|
|c 12686
|d 12686
|
| 245 |
0 |
0 |
|a SA Crime Quarterly
|h [Recurso electrn̤ico] /
|
| 256 |
|
|
|a Servicio en ln̕ea
|
| 260 |
|
|
|a Pretoria:
|b Sabinet African Journals,
|c 2002 -
|
| 300 |
|
|
|a 1 recurso electrn̤ico
|
| 310 |
|
|
|a Trimestral
|
| 500 |
|
|
|a The SA Crime Quarterly, published by the Institute for Security Studies, provides concise analysis of developments in crime trends, and the state's response. The SA Crime Quarterly has replaced the Nedbank Crime Index.
|
| 506 |
1 |
|
|a Disponible solo en los productos indicados
|d vLex Global
|d vLex Global (Academic Edition, excluding Law Schools)
|d vLex Global (U.S. Academic Edition, Law Schools)
|d vLex Global (U.S. Academic Edition, excluding Law Schools)
|d vLex Global (Academic Edition, Law Schools)
|
| 650 |
0 |
4 |
|a Derecho Penal
|z Sudf̀rica
|
| 740 |
0 |
|
|a vLex Revistas (Servicio en ln̕ea)
|
| 856 |
4 |
0 |
|u https://app.vlex.com/#/sources/33745
|z Acceso restringido
|
| 942 |
|
|
|c REV
|
| 999 |
0 |
|
|a Criminal law
|